00799nam a2200217 i 450000100060000000300090000600500170001500700030003200800410003508000120007610000360008824501320012426000370025630000300029365000230032370000390034670000350038585200220042099900170044295201220045988939ES-MaACL20230906175957.0t|050113s1972 sp a |||| | spa d a616.8571 aMarcos Lanzarot, Manuel.97653113aLa jaqueca y otras cefaleas vasculares / cManuel Marcos Lanzarot, Andrés Cerdán Vallejo ; prólogo Eloy López García. a[Barcelona] : bSandoz, c[1972] a132 p. : bil. ; c26 cm.14aCefalalgia.9108651 aCerdán Vallejo, Andrés.9374721 aLópez García, Eloy.973660 aES-MaACLjE-10781 c88939d88939 00104070aATENEOMbATENEOMcDEPO2d2008-01-17eSCl0oE-10781p1092892r2023-02-23 00:00:00w2023-02-23yMONOGRAFIA